00938cam a22002657a 4500003000500000005001700005008004100022010001000063011001000073020001500083035001000098040000900108082001600117100002100133245016500154260009300319300003100412650002900443650003800472650003700510650002800547650004200575650003100617700002400648CHAP20220817043833.0010926d2000 mx r 00110 spa d a85734 a86706 a9579539146 a97246 cCHAP00a338.162bK300aKao, Ching-Huei.10aIssues in the management of agricultural resources :bproceedings of a Seminar in Conmemoration of FFTC's Anniversaryc/por Ching-Huei kao and William T.F. Chiu aTaiwan :bFood and Fertilizer Technology Center for the Asian and Pacific Region,c2001. a259 p. :bilus. ; gráfs.14aAgricultura sustentable.14aAgriculturaxInvestigacionxAsia.14aAlimentosxAbastecimientozAsia.14aAlimentosxRendimiento.14aRecursos genéticosxBibliografía.14aSistemas de cultivozAsia.0 aChiu, William T. F.